Enchiridion de Romanorum legibus & magistratibus & de veteribus iureconsultis

Bibliographic Details
Other Authors: Alantsee, Leonhard, zomrel 1518 (Dedicator)
Format: Book
Language:Latin
PhysicalDescription:A6 [=6] l. 4°
Published: [B. m.] [ b. t.] [cca 1515]
Subjects:

MARC

LEADER 00000nam a2200000 a 4500
001 vtls011738532
003 SK-MaSNL
005 20260302053931.0
008 200612t1515 xx a 000 0 lat
015 |a SNBHFA1515 
035 |a urn:nbn:sk:snk-am00cs4u 
035 |a urn:nbn:sk:snk-am3hasx 
035 |a 7FFDB3E3-A4C3-4B6D-A3DF-D62A15156E65 
040 |a SNKHF  |b slo  |c SNK  |e AACR2 
041 0 |a lat 
044 |a xx 
072 7 |a 34  |x Právo  |2 konspekt 
080 |a 340.15  |2 2011 
130 1 |a Enchiridion  |9 555314 
245 1 0 |a Enchiridion de Romanorum legibus & magistratibus & de veteribus iureconsultis 
260 |a [B. m.]  |b [ b. t.]  |c [cca 1515] 
300 |a A6 [=6] l.  |c 4° 
500 |a Verzály na 2, 4 r., rukopisné marginále 
501 |a Príväzok 8. k: HELLER, Johannes. Iavrinensia. Pragae : Typis Othmarianis, 1598. 4°.  |5 SNK IC 143838 
508 |a Ded.: Alantsee, Leonhard 
510 4 |a VD 16 ZV/3898 
650 0 7 |a rímske právo  |2 SNKPH  |9 983 
700 1 |a Alantsee, Leonhard,  |d zomrel 1518  |4 dto  |9 72319 
852 |a SNK  |b Zaiova knižnica: Zay M 1109, prív. 8.  |p IC 143838/prív.8 
958 |a ONDV 
999 |c 1111404  |d 1113334 
952 |t Zay M 1109  |a SNK  |b SNK  |c SNK_HF  |y PREZ  |7 0  |p 17A1299298  |o snkIC 143838/prív.8  |i snk2018/1818  |8 5  |0 0  |1 0  |4 0  |d 2018-01-24  |f 1  |l 0  |r 2026-02-24 18:01:19  |w 2026-02-24